000
00324 a2200109 4500
001
ART_48493
005
20260410162042.0
008
260409a
245
1
0
_a
Limitación a la deducción de intereses de financiación
100
1
_a
Bello, Alberto M.
773
0
_t
Impuestos
_g
- N°44 (ene. 2019)
_w
REV45175
999
_c
34958
_d
34958